000 00797nam a2200265 i 4500
001 12688
003 ES-MaACL
005 20230906150356.0
007 t|
008 921021s1990 sp |||| | spa d
020 _a84-7232-516-4
080 _a32(728)"18/19"
080 _a972.8"18/19"
100 1 _aGonzález-Camino, Fernando.
_958487
245 1 0 _aAlta es la noche
_b: Centroamérica ayer, hoy y mañana /
_cFernando González-Camino.
260 _aMadrid :
_bCultura Hispánica,
_c1990.
300 _a348 p. ;
_c24 cm.
490 1 _aEnsayo
504 _aBibliografía.
651 4 _aAmérica central-
_xHistoria-
_y1951-1979.
_9169403
651 4 _aAmérica central-
_xPolítica y gobierno.
_97708
830 0 _aEnsayo
_9177699
852 _aES-MaACL
_jL-20039
999 _c12688
_d12688